000 00964 a2200253 4500
999 _c9217
_d9217
020 _a0702167509
020 _a9780702167508
050 0 0 _aKTL74 DUB 2005
100 _aDu Bois, Francois
_eeditor
245 0 4 _aThe practice of integrity :
_breflections on Ronald Dworkin and South African law /
_cedited by Franȯis du Bois.
264 _aCape Town :
_bJuta & Co.
_c2005.
300 _axv, 181 p. ;
500 _a"First published as Acta Juridica 2004"--t.p.
500 _a"Published under the auspices of the Faculty of Law, University of Cape Town"--t.p.
504 _aIncludes bibliographical references.
650 0 _aLaw
_xPhilosophy.
650 0 _aLaw
650 0 _aLaw
_xPhilosophy.
650 0 _aConstitutional law
700 1 _aDu Bois, Franȯis
_eeditor
856 4 1 _3Table of contents
_uhttp://www.loc.gov/catdir/toc/fy0716/2007327482.html
942 _2lcc
_cBK
_h74
_iDUB
_kKTL